[Event "SV Unser Fritz 1 - SC Listiger Bauer Es"]
[Site "Verbandsliga - Gruppe 2 2021/"]
[Date "2022.03.20"]
[Round "7.2"]
[White "Nowicki, Heiko"]
[Black "Ball, Joerg"]
[Result "1/2-1/2"]
[WhiteElo "1787"]
[BlackElo "1932"]
[PlyCount "100"]
[EventDate "2022.??.??"]
[WhiteTeam "SV Unser Fritz 1"]
[BlackTeam "SC Listiger Bauer Essen 1"]

1. e4 g6 2. d4 Bg7 3. Nc3 d6 4. Bc4 Nf6 5. Qe2 e5 6. dxe5 dxe5 7. Bg5 c6 8. Nf3
Qc7 9. O-O-O O-O 10. h3 b5 11. Bb3 a5 12. a4 b4 13. Nb1 Nbd7 14. Qe3 c5 15.
Nbd2 Nb6 16. Nc4 Nxc4 17. Bxc4 Ba6 18. Nd2 Nd7 19. Bxa6 Rxa6 20. Nc4 Nb6 21.
Nxb6 Rxb6 22. Rd5 Rc6 23. Rhd1 f6 24. Rd7 fxg5 25. Qxg5 Bf6 26. Qh6 Rf7 27.
Rxc7 Rcxc7 28. Rd5 Rfd7 29. Qd2 Rf7 30. Qe2 c4 31. Qg4 Kg7 32. h4 h5 33. Qh3 b3
34. c3 Be7 35. Qg3 Bf6 36. f3 Rfd7 37. Qh3 Rf7 38. g4 hxg4 39. Qxg4 Kh6 40. Rd6
Rce7 41. Rd8 Rc7 42. Rg8 Bg7 43. Qg5+ Kh7 44. Rxg7+ Rxg7 45. Qxe5 Rcd7 46. h5
gxh5 47. Qxh5+ Kg8 48. Qe8+ Kh7 49. Qh5+ Kg8 50. Qe8+ Kh7 1/2-1/2

[Event "SV Unser Fritz 1 - SC Listiger Bauer Es"]
[Site "Verbandsliga - Gruppe 2 2021/"]
[Date "2022.03.20"]
[Round "7.3"]
[White "Wagner, Ole"]
[Black "Rutz, Dirk"]
[Result "0-1"]
[WhiteElo "1905"]
[BlackElo "2003"]
[PlyCount "84"]
[EventDate "2022.??.??"]
[WhiteTeam "SC Listiger Bauer Essen 1"]
[BlackTeam "SV Unser Fritz 1"]

1. Nf3 g6 2. e4 Bg7 3. Bc4 d6 4. d4 Nf6 5. Qe2 O-O 6. O-O c6 7. Bb3 a5 8. c4
Qc7 9. Nc3 e5 10. dxe5 dxe5 11. Rd1 Na6 12. Na4 Rb8 13. Bg5 h6 14. Bxf6 Bxf6
15. c5 Qe7 16. Qe3 Kg7 17. Qc3 Bg4 18. Qxa5 Bxf3 19. gxf3 Bg5 20. Qc3 Bf4 21.
Qc4 Nc7 22. Nb6 Rbd8 23. Rd6 Rxd6 24. cxd6 Qg5+ 25. Kf1 Ne6 26. Nd7 b5 27. Qxe6
fxe6 28. Nxf8 Kxf8 29. Rd1 Qh4 30. Bxe6 Bg5 31. Bd7 Bd8 32. b4 Bb6 33. Rd2 Qf4
34. Ke2 Qxh2 35. Kd1 Qh1+ 36. Kc2 Qa1 37. Kd3 Qd4+ 38. Kc2 Qxb4 39. Be6 Bd4 40.
d7 Ke7 41. Bh3 Qc3+ 42. Kd1 Qxf3+ 0-1

[Event "SV Unser Fritz 1 - SC Listiger Bauer Es"]
[Site "Verbandsliga - Gruppe 2 2021/"]
[Date "2022.03.20"]
[Round "7.4"]
[White "Jungbluth, Michael"]
[Black "Brandhorst, Dieter"]
[Result "0-1"]
[WhiteElo "2003"]
[BlackElo "1902"]
[PlyCount "190"]
[EventDate "2022.??.??"]
[WhiteTeam "SV Unser Fritz 1"]
[BlackTeam "SC Listiger Bauer Essen 1"]

1. d4 Nf6 2. c4 g6 3. g3 c5 4. Nf3 cxd4 5. Nxd4 Bg7 6. Bg2 O-O 7. O-O Nc6 8.
Nb5 a6 9. N5c3 d6 10. h3 Rb8 11. e4 Ne5 12. Qe2 Be6 13. b3 Qd7 14. Kh2 b5 15.
cxb5 axb5 16. Bb2 b4 17. Na4 Rfc8 18. f4 Nc4 19. Bd4 Ng4+ 20. hxg4 Bxd4 21. f5
Bxa1 22. fxe6 fxe6 23. Nd2 Nxd2 24. Rxa1 Nc4 25. bxc4 Qxa4 26. e5 b3 27. exd6
Qxc4 28. Qxc4 Rxc4 29. axb3 Rd4 30. dxe7 Kf7 31. g5 Kxe7 32. Ra3 Rd3 33. Ra7+
Rd7 34. Ra3 Rc7 35. Bf1 Rc5 36. Ra7+ Kd6 37. Bc4 Rxg5 38. Ra6+ Kc7 39. Rxe6
Rh5+ 40. Kg2 Rb6 41. Re7+ Kd6 42. Ra7 h6 43. Ra8 Rg5 44. Kh3 Rc5 45. Bf7 Rh5+
46. Kg2 Ke7 47. Bc4 Re5 48. Rh8 g5 49. Rh7+ Kd8 50. Rh8+ Re8 51. Rh7 Re7 52.
Rh8+ Kc7 53. Kh3 Rd6 54. Kg4 Re1 55. Ra8 Re4+ 56. Kf3 Red4 57. Ra7+ Kb8 58. Rg7
Rf6+ 59. Kg2 g4 60. Rf7 Rd2+ 61. Kg1 Rf3 62. Rxf3 gxf3 63. Kf1 Kc7 64. Be6 Rb2
65. Bg4 f2 66. Be2 Rxb3 67. Kxf2 Kd6 68. Bh5 Ke5 69. g4 Kf4 70. Ke2 Rh3 71. Kf2
Rh2+ 72. Kg1 Kg3 73. Kf1 Rb2 74. Ke1 Rf2 75. Kd1 Kg2 76. Ke1 Kg1 77. Kd1 Kf1
78. Bg6 Rf4 79. Bh5 Rd4+ 80. Kc2 Kf2 81. Kc3 Ke3 82. Kc2 Rd2+ 83. Kc3 Rg2 84.
Kc4 Rg3 85. Kc3 Kf4+ 86. Kd2 Re3 87. Kd1 Kg3 88. Kd2 Kf2 89. Kd1 Rd3+ 90. Kc2
Ke3 91. Bf7 Rd2+ 92. Kc3 Rd7 93. Be6 Rc7+ 94. Kb2 Kf4 95. Kb1 Rg7 0-1

[Event "SV Unser Fritz 1 - SC Listiger Bauer Es"]
[Site "Verbandsliga - Gruppe 2 2021/"]
[Date "2022.03.20"]
[Round "7.5"]
[White "Petri, Norbert"]
[Black "Mikulski, Georg"]
[Result "1/2-1/2"]
[WhiteElo "1864"]
[BlackElo "1902"]
[PlyCount "34"]
[EventDate "2022.??.??"]
[WhiteTeam "SC Listiger Bauer Essen 1"]
[BlackTeam "SV Unser Fritz 1"]

1. c4 Nf6 2. Nc3 d5 3. cxd5 Nxd5 4. g3 g6 5. Bg2 Nb6 6. d3 Bg7 7. Nf3 O-O 8.
O-O Nc6 9. Be3 e5 10. Rc1 Nd4 11. Qd2 c6 12. Bh6 Nxf3+ 13. Bxf3 Bh3 14. Rfd1
Qe7 15. Ne4 Be6 16. Be3 Rfd8 17. b4 Nc4 1/2-1/2

[Event "SV Unser Fritz 1 - SC Listiger Bauer Es"]
[Site "Verbandsliga - Gruppe 2 2021/"]
[Date "2022.03.20"]
[Round "7.6"]
[White "Tober, Julian"]
[Black "Reich, Andreas"]
[Result "0-1"]
[WhiteElo "1795"]
[BlackElo "1766"]
[PlyCount "80"]
[EventDate "2022.??.??"]
[WhiteTeam "SV Unser Fritz 1"]
[BlackTeam "SC Listiger Bauer Essen 1"]

1. e4 e6 2. d4 d5 3. Nc3 Nf6 4. Bg5 Be7 5. Bxf6 Bxf6 6. exd5 exd5 7. h3 O-O 8.
Nf3 Re8+ 9. Be2 Bf5 10. O-O c6 11. Bd3 Bxd3 12. Qxd3 Nd7 13. Rfe1 Qc7 14. Re3
Rxe3 15. fxe3 g6 16. e4 dxe4 17. Nxe4 Bg7 18. c3 Nb6 19. Rf1 h6 20. Qe2 Nd7 21.
Nh4 Re8 22. Qf2 Re7 23. Qc2 Nf8 24. a4 f5 25. Nc5 b6 26. Nd3 Qd6 27. Nf3 Nd7
28. b4 c5 29. dxc5 bxc5 30. Rd1 Qb6 31. a5 Qc7 32. Qd2 Kh7 33. Nf4 Qc6 34. Nh4
Nf8 35. Qd6 Qxd6 36. Rxd6 Be5 37. Rd8 Bf6 38. Rxf8 Bxh4 39. bxc5 Bg3 40. Rh8+
Kg7 0-1

[Event "SV Unser Fritz 1 - SC Listiger Bauer Es"]
[Site "Verbandsliga - Gruppe 2 2021/"]
[Date "2022.03.20"]
[Round "7.7"]
[White "Jurev, Sergej"]
[Black "Koch, Till"]
[Result "1/2-1/2"]
[WhiteElo "1718"]
[BlackElo "1812"]
[PlyCount "30"]
[EventDate "2022.??.??"]
[WhiteTeam "SC Listiger Bauer Essen 1"]
[BlackTeam "SV Unser Fritz 1"]

1. d4 Nf6 2. c4 e6 3. Nf3 Bb4+ 4. Bd2 Qe7 5. g3 d5 6. cxd5 exd5 7. Bg2 O-O 8.
O-O Ne4 9. Bf4 c6 10. Ne5 f5 11. Qc2 Nd7 12. Nd3 Bd6 13. Nd2 Bxf4 14. Nxf4 Ndf6
15. Nf3 Ng4 1/2-1/2

[Event "SK Sodingen/Castrop 2 - Hammer SC 1"]
[Site "Verbandsliga - Gruppe 2 2021/"]
[Date "2022.03.20"]
[Round "7.1"]
[White "Spyrou, Emmanouil"]
[Black "Haberhausen, Ansgar"]
[Result "1/2-1/2"]
[WhiteElo "2147"]
[BlackElo "1994"]
[PlyCount "146"]
[EventDate "2022.??.??"]
[WhiteTeam "Hammer SC 1"]
[BlackTeam "SK Sodingen/Castrop 2"]

1. d4 Nf6 2. c4 e6 3. Nc3 d5 4. Bg5 c6 5. e3 Nbd7 6. cxd5 exd5 7. Bd3 Be7 8.
Nf3 O-O 9. Qc2 h6 10. Bh4 Re8 11. O-O Ne4 12. Bxe7 Qxe7 13. Rab1 Ng5 14. Nxg5
hxg5 15. b4 a6 16. a4 Qd6 17. b5 axb5 18. axb5 Re6 19. e4 dxe4 20. Nxe4 Qxd4
21. Nxg5 Rh6 22. Rbd1 Qf6 23. f4 Nf8 24. bxc6 bxc6 25. Bc4 Be6 26. Bxe6 Nxe6
27. Qxc6 Rf8 28. Rd6 Qf5 29. Nxe6 fxe6 30. Qc4 Rg6 31. g3 Kh7 32. Qd3 Qg4 33.
Kg2 Qf5 34. Re1 Qxd3 35. Rxd3 Rxf4 36. Rxe6 Ra4 37. Rxg6 Kxg6 38. h4 Rb4 39.
Kf3 Ra4 40. Re3 Ra6 41. Re4 Rb6 42. Kg4 Ra6 43. Kf4 Rf6+ 44. Kg4 Ra6 45. Rb4
Rc6 46. Rb5 Ra6 47. Rb3 Rc6 48. Kh3 Ra6 49. g4 Ra1 50. Rb6+ Kh7 51. h5 Rh1+ 52.
Kg3 Rg1+ 53. Kh4 Rh1+ 54. Kg5 Ra1 55. Rb4 Ra5+ 56. Kf4 Ra1 57. Re4 Rf1+ 58. Kg5
Ra1 59. Re7 Rb1 60. Re3 Ra1 61. Re5 Rb1 62. Kf4 Rf1+ 63. Kg3 Rg1+ 64. Kf3 Ra1
65. Re4 Rf1+ 66. Kg2 Ra1 67. g5 Ra5 68. Rg4 Ra2+ 69. Kh3 Ra1 70. Rg3 Rb1 71.
Rf3 Rh1+ 72. Kg4 Rg1+ 73. Rg3 Ra1 1/2-1/2

[Event "SK Sodingen/Castrop 2 - Hammer SC 1"]
[Site "Verbandsliga - Gruppe 2 2021/"]
[Date "2022.03.20"]
[Round "7.2"]
[White "Zwielich, Frank"]
[Black "Voss, Hubertus"]
[Result "1/2-1/2"]
[WhiteElo "1952"]
[BlackElo "2073"]
[PlyCount "21"]
[EventDate "2022.??.??"]
[WhiteTeam "SK Sodingen/Castrop 2"]
[BlackTeam "Hammer SC 1"]

1. d4 d5 2. Bf4 Nf6 3. e3 e6 4. Bd3 Bd6 5. c3 Bxf4 6. exf4 Qd6 7. Qf3 b6 8. Nd2
c5 9. Ne2 Ba6 10. Bxa6 Nxa6 11. Nc4 1/2-1/2

[Event "SK Sodingen/Castrop 2 - Hammer SC 1"]
[Site "Verbandsliga - Gruppe 2 2021/"]
[Date "2022.03.20"]
[Round "7.3"]
[White "Schlaap, Ralf"]
[Black "Schriewer, Thomas"]
[Result "1-0"]
[WhiteElo "2062"]
[BlackElo "1865"]
[PlyCount "87"]
[EventDate "2022.??.??"]
[WhiteTeam "Hammer SC 1"]
[BlackTeam "SK Sodingen/Castrop 2"]

1. e4 c5 2. Nf3 e6 3. d4 cxd4 4. Nxd4 Nc6 5. Nc3 Qc7 6. g3 a6 7. Nxc6 bxc6 8.
Bg2 Nf6 9. O-O Be7 10. Re1 O-O 11. e5 Nd5 12. Na4 Rb8 13. b3 Bb4 14. Bd2 Bxd2
15. Qxd2 f6 16. exf6 gxf6 17. c4 Ne7 18. Nc5 Ng6 19. Rad1 Rf7 20. Qd4 Nf8 21.
Ne4 e5 22. Qc3 Ne6 23. c5 a5 24. Bf1 Rb4 25. Bc4 Kg7 26. a3 Rb8 27. Bxe6 dxe6
28. Rd6 Qb7 29. Re3 Qb5 30. f4 Ba6 31. Rd1 Rd8 32. Nd6 Rxd6 33. cxd6 exf4 34.
Rxe6 Qh5 35. Qe1 f3 36. Rd2 Bc8 37. Re7 Qc5+ 38. Qe3 Qc1+ 39. Kf2 Ba6 40. Rxf7+
Kxf7 41. Kxf3 Qh1+ 42. Kg4 Qb1 43. d7 Qg6+ 44. Kh4 1-0

[Event "SK Sodingen/Castrop 2 - Hammer SC 1"]
[Site "Verbandsliga - Gruppe 2 2021/"]
[Date "2022.03.20"]
[Round "7.4"]
[White "Balke, Reiner"]
[Black "Hufelschulte, Norbert"]
[Result "1/2-1/2"]
[WhiteElo "1856"]
[BlackElo "2017"]
[PlyCount "53"]
[EventDate "2022.??.??"]
[WhiteTeam "SK Sodingen/Castrop 2"]
[BlackTeam "Hammer SC 1"]

1. e4 c5 2. Nf3 d6 3. d4 cxd4 4. Nxd4 Nf6 5. Nc3 a6 6. a4 e5 7. Nf3 Qc7 8. Bd3
Be6 9. O-O Be7 10. Re1 O-O 11. h3 h6 12. Bd2 Nc6 13. Qe2 Rac8 14. Nd1 Rfe8 15.
Ne3 Bf8 16. c4 Na5 17. Bxa5 Qxa5 18. Reb1 Nh5 19. b4 Qd8 20. Qd2 Nf4 21. Bf1
Qf6 22. Nd5 Bxd5 23. cxd5 Nxh3+ 24. Kh2 Ng5 25. Nxg5 Qxg5 26. Qxg5 hxg5 27. Rc1
1/2-1/2

[Event "SK Sodingen/Castrop 2 - Hammer SC 1"]
[Site "Verbandsliga - Gruppe 2 2021/"]
[Date "2022.03.20"]
[Round "7.5"]
[White "Brieger, Sebastian"]
[Black "Evertz, Dieter"]
[Result "1-0"]
[WhiteElo "1785"]
[BlackElo "1906"]
[PlyCount "120"]
[EventDate "2022.??.??"]
[WhiteTeam "Hammer SC 1"]
[BlackTeam "SK Sodingen/Castrop 2"]

1. e4 d5 2. exd5 Qxd5 3. Nc3 Qd6 4. d4 c6 5. Nf3 Bg4 6. h3 Bh5 7. g4 Bg6 8. h4
h5 9. g5 Nd7 10. Bh3 e6 11. Be3 Ne7 12. Qd2 Nd5 13. O-O-O Nxc3 14. Qxc3 Be4 15.
Bg2 Qd5 16. Bf4 Qxa2 17. Rhe1 Bd5 18. g6 f6 19. Bh3 O-O-O 20. Kd2 Nc5 21. Ra1
Ne4+ 22. Rxe4 Qxa1 23. Rxe6 Bxe6 24. Bxe6+ Rd7 25. Qb3 Qa5+ 26. c3 Be7 27.
Bxd7+ Kxd7 28. Qxb7+ Ke8 29. Qxc6+ Kf8 30. d5 Qb6 31. Nd4 Qxb2+ 32. Ke1 Qb1+
33. Kd2 Qb2+ 34. Ke1 Qb1+ 35. Ke2 Qxg6 36. d6 Qg4+ 37. f3 Qg2+ 38. Kd3 Bxd6 39.
Qxd6+ Kg8 40. Qd5+ Kh7 41. Qxh5+ Kg8 42. Qe8+ Kh7 43. Qe2 Qh3 44. Qh2 Qf1+ 45.
Qe2 Qb1+ 46. Qc2 Qe1 47. h5 Rc8 48. Qd2 Qb1+ 49. Qc2 Qe1 50. c4 Rc5 51. Bd6 Ra5
52. c5 Ra1 53. Kc4+ Kh8 54. Kd5 Qe8 55. h6 Qf7+ 56. Ne6 g6 57. Qd2 Rh1 58. Qe2
Qb7+ 59. Kd4 Qb4+ 60. Kd5 Re1 1-0

[Event "SK Sodingen/Castrop 2 - Hammer SC 1"]
[Site "Verbandsliga - Gruppe 2 2021/"]
[Date "2022.03.20"]
[Round "7.6"]
[White "Schaefer, Michael"]
[Black "Fluegel, Thomas"]
[Result "0-1"]
[WhiteElo "1659"]
[BlackElo "1798"]
[PlyCount "48"]
[EventDate "2022.??.??"]
[WhiteTeam "SK Sodingen/Castrop 2"]
[BlackTeam "Hammer SC 1"]

1. d4 Nf6 2. c4 c5 3. d5 b5 4. cxb5 a6 5. b6 Qxb6 6. Nc3 e6 7. e4 Bb7 8. Bc4
exd5 9. exd5 d6 10. Nf3 Be7 11. O-O O-O 12. Re1 Re8 13. Qc2 Nbd7 14. a4 Bf8 15.
Bg5 g6 16. a5 Rxe1+ 17. Nxe1 Qc7 18. f4 Re8 19. Qd3 Qc8 20. Nf3 Bg7 21. Nd2 Ng4
22. Nde4 Bd4+ 23. Kh1 f5 24. Nxd6 Nf2+ 0-1

[Event "SK Sodingen/Castrop 2 - Hammer SC 1"]
[Site "Verbandsliga - Gruppe 2 2021/"]
[Date "2022.03.20"]
[Round "7.7"]
[White "Boelling, Andreas"]
[Black "Behnicke, Eckhard"]
[Result "1/2-1/2"]
[WhiteElo "1792"]
[BlackElo "1691"]
[PlyCount "40"]
[EventDate "2022.??.??"]
[WhiteTeam "Hammer SC 1"]
[BlackTeam "SK Sodingen/Castrop 2"]

1. e4 d5 2. Nc3 d4 3. Nce2 c5 4. d3 Nc6 5. g3 Nf6 6. Bg2 e5 7. h3 Be7 8. f4 Qc7
9. Nf3 Bd7 10. O-O exf4 11. Bxf4 Bd6 12. Qd2 Bxf4 13. Qxf4 Qxf4 14. gxf4 O-O-O
15. a3 a6 16. Nd2 Kc7 17. Nc4 Be6 18. b3 b5 19. Nd2 Rhf8 20. a4 b4 1/2-1/2

[Event "SC Hansa Dortmund 2- SV Günnigfeld"]
[Site "Verbandsliga - Gruppe 2 2021/"]
[Date "2022.03.20"]
[Round "7.1"]
[White "Freisen, Thomas"]
[Black "Sundorf, Jannik"]
[Result "1/2-1/2"]
[WhiteElo "1957"]
[BlackElo "2144"]
[PlyCount "35"]
[EventDate "2022.??.??"]
[WhiteTeam "SV GÃ¼nnigfeld 1"]
[BlackTeam "SC Hansa Dortmund 2"]

1. e4 c5 2. Nf3 d6 3. Bb5+ Bd7 4. Bxd7+ Qxd7 5. c4 Nc6 6. O-O g6 7. d4 cxd4 8.
Nxd4 Nf6 9. Nc3 Bg7 10. Nde2 O-O 11. f3 Rfc8 12. Be3 Qd8 13. Qd2 Qa5 14. b3 a6
15. a4 Rab8 16. Rab1 Qd8 17. Rfd1 Nd7 18. Qe1 1/2-1/2

[Event "SC Hansa Dortmund 2- SV Günnigfeld"]
[Site "Verbandsliga - Gruppe 2 2021/"]
[Date "2022.03.20"]
[Round "7.3"]
[White "Markus, Peter"]
[Black "Zelt, Jens"]
[Result "1/2-1/2"]
[WhiteElo "1845"]
[BlackElo "1994"]
[PlyCount "43"]
[EventDate "2022.??.??"]
[WhiteTeam "SV GÃ¼nnigfeld 1"]
[BlackTeam "SC Hansa Dortmund 2"]

1. e4 d6 2. d4 c6 3. Be3 Nd7 4. Nc3 e5 5. Nf3 Qc7 6. Qd2 Ne7 7. Bd3 Nb6 8. h3
h6 9. g4 Bd7 10. O-O-O O-O-O 11. Kb1 g6 12. Be2 f6 13. Nh4 Kb8 14. Ng2 Bg7 15.
f4 f5 16. dxe5 dxe5 17. fxe5 Bxe5 18. Bf4 fxe4 19. Bxe5 Qxe5 20. Qd6+ Qxd6 21.
Rxd6 Kc7 22. Nxe4 1/2-1/2

[Event "SC Hansa Dortmund 2- SV Günnigfeld"]
[Site "Verbandsliga - Gruppe 2 2021/"]
[Date "2022.03.20"]
[Round "7.4"]
[White "Linker, Walter"]
[Black "Radi, GÃ¼nter"]
[Result "1/2-1/2"]
[WhiteElo "1997"]
[BlackElo "1857"]
[PlyCount "50"]
[EventDate "2022.??.??"]
[WhiteTeam "SC Hansa Dortmund 2"]
[BlackTeam "SV GÃ¼nnigfeld 1"]

1. f4 d5 2. Nf3 g6 3. e3 Bg7 4. d4 Nf6 5. c4 e6 6. Nc3 O-O 7. Be2 c6 8. O-O Qc7
9. b3 Nbd7 10. Qe1 Ne4 11. Nxe4 dxe4 12. Ng5 Nf6 13. Qd2 h6 14. Nh3 Nh7 15. Bb2
f5 16. Nf2 Nf6 17. Nd1 b6 18. Nc3 Bb7 19. Rfd1 Rfd8 20. Qc2 Rd7 21. b4 a6 22.
Qb3 Re8 23. Rac1 Qd8 24. Na4 Kh7 25. c5 b5 1/2-1/2

[Event "SC Hansa Dortmund 2- SV Günnigfeld"]
[Site "Verbandsliga - Gruppe 2 2021/"]
[Date "2022.03.20"]
[Round "7.5"]
[White "Funke, Eckhard"]
[Black "Krüger, Simon"]
[Result "1/2-1/2"]
[WhiteElo "1878"]
[BlackElo "1997"]
[PlyCount "117"]
[EventDate "2022.??.??"]
[WhiteTeam "SV GÃ¼nnigfeld 1"]
[BlackTeam "SC Hansa Dortmund 2"]

1. d4 Nf6 2. c4 c5 3. d5 b5 4. cxb5 a6 5. bxa6 Bxa6 6. Nc3 d6 7. e4 Bxf1 8.
Kxf1 Nbd7 9. Nf3 g6 10. g3 Bg7 11. Kg2 Ng4 12. Bf4 O-O 13. Qd2 Qa5 14. h3 Nge5
15. Nxe5 Nxe5 16. Bxe5 Bxe5 17. Rhc1 Rfb8 18. Qc2 Rb4 19. f3 Rab8 20. Rab1 Bxc3
21. Qxc3 Qxa2 22. h4 h5 23. Kh3 Rxb2 24. Rxb2 Rxb2 25. Rh1 Rc2 26. Qe3 Qb2 27.
f4 c4 28. e5 Re2 29. Qa7 Qc2 30. Qd7 e6 31. Qd8+ Kh7 32. Qf6 Qf5+ 33. Qxf5 exf5
34. exd6 Rd2 35. Rc1 Rxd5 36. Rxc4 Rxd6 37. Kg2 Rd3 38. Rc7 Kg7 39. Kf2 Kf6 40.
Ra7 Ke6 41. Ra6+ Rd6 42. Ra7 Rd7 43. Ra6+ Kd5 44. Ra5+ Ke4 45. Re5+ Kd3 46. Ra5
Rc7 47. Ra3+ Kc4 48. Ra1 Rb7 49. Rc1+ Kd3 50. Rd1+ Kc3 51. Rd6 Rc7 52. Rd1 Kb4
53. Rb1+ Kc5 54. Rc1+ Kd6 55. Rd1+ Ke6 56. Re1+ Kf6 57. Re5 Rc6 58. Re3 Re6 59.
Ra3 1/2-1/2

[Event "SC Hansa Dortmund 2- SV Günnigfeld"]
[Site "Verbandsliga - Gruppe 2 2021/"]
[Date "2022.03.20"]
[Round "7.6"]
[White "Hillebrand, Carsten"]
[Black "Bender, Markus"]
[Result "1/2-1/2"]
[WhiteElo "1955"]
[BlackElo "1820"]
[PlyCount "152"]
[EventDate "2022.??.??"]
[WhiteTeam "SC Hansa Dortmund 2"]
[BlackTeam "SV GÃ¼nnigfeld 1"]

1. d4 d5 2. Nf3 Nf6 3. g3 h5 4. h3 Bf5 5. c4 e6 6. Qb3 Nc6 7. a3 Rb8 8. Nbd2
Bd6 9. Bg2 Ne4 10. cxd5 exd5 11. Nf1 Na5 12. Qd1 Nc4 13. Ne3 Nxe3 14. Bxe3 Qe7
15. Qc1 f6 16. Bf4 Rd8 17. Qe3 g5 18. Bxd6 Rxd6 19. Nd2 Re6 20. Nxe4 Bxe4 21.
Bxe4 Rxe4 22. Qd3 Kf7 23. Rc1 Re8 24. Rc2 Kg7 25. e3 Qd6 26. Kd1 b6 27. Qc3
R4e6 28. Qxc7+ Qxc7 29. Rxc7+ R8e7 30. Rxe7+ Rxe7 31. Kd2 Rc7 32. Rc1 Rd7 33.
Rc6 g4 34. h4 Kf7 35. Kd3 Ke7 36. e4 dxe4+ 37. Kxe4 Kf7 38. Rc2 Ke6 39. Rd2 Rd5
40. Re2 Kd6 41. Kd3 Rf5 42. Rd2 Kd5 43. Ke3 Rf3+ 44. Ke2 Rb3 45. Kd1 Rf3 46.
Ke1 Rb3 47. Ke2 f5 48. Rd3 Rxb2+ 49. Ke3 a5 50. f3 a4 51. fxg4 fxg4 52. Kf4 Rb5
53. Re3 Kxd4 54. Re4+ Kc3 55. Rxa4 Kb3 56. Ra6 Kc4 57. a4 Rb3 58. a5 bxa5 59.
Rxa5 Rf3+ 60. Ke4 Rxg3 61. Rxh5 Rg1 62. Rg5 g3 63. Kf3 g2 64. h5 Kd4 65. Kf2
Ra1 66. Kxg2 Ke4 67. h6 Ra8 68. Kg3 Rh8 69. Rh5 Rg8+ 70. Kf2 Kf4 71. h7 Rh8 72.
Rh4+ Kg5 73. Rh3 Kg6 74. Rg3+ Kxh7 75. Rh3+ Kg7 76. Rxh8 Kxh8 1/2-1/2

[Event "SC Hansa Dortmund 2- SV Günnigfeld"]
[Site "Verbandsliga - Gruppe 2 2021/"]
[Date "2022.03.20"]
[Round "7.7"]
[White "Bauer, Matthias"]
[Black "Dawid, Adalbert"]
[Result "0-1"]
[WhiteElo "1733"]
[BlackElo "1892"]
[PlyCount "58"]
[EventDate "2022.??.??"]
[WhiteTeam "SV GÃ¼nnigfeld 1"]
[BlackTeam "SC Hansa Dortmund 2"]

1. c4 e5 2. Nc3 Nf6 3. g3 d5 4. cxd5 Nxd5 5. Bg2 Nb6 6. Nf3 Nc6 7. O-O Be6 8.
d3 Be7 9. h4 f6 10. Bd2 O-O 11. Na4 Qd7 12. Kh2 Nb4 13. Nxb6 axb6 14. a3 Na6
15. Bc3 c5 16. Nd2 b5 17. b3 Ra7 18. Qc2 Nc7 19. b4 b6 20. Rfd1 Nd5 21. bxc5
Bxc5 22. Bxd5 Bxd5 23. Ne4 Qf5 24. e3 Qf3 25. Rg1 Be7 26. Rg2 f5 27. Bb2 fxe4
28. dxe4 Bxe4 29. Bxe5 Qxg2# 0-1

[Event "SC Hansa Dortmund 2 - SV GÃ¼nnigfeld 1"]
[Site "Verbandsliga - Gruppe 2 2021/"]
[Date "2022.03.20"]
[Round "7.8"]
[White "Lin, Yi"]
[Black "Rosen, Christian"]
[Result "1-0"]
[WhiteElo "1823"]
[BlackElo "1532"]
[PlyCount "55"]
[EventDate "2022.??.??"]
[WhiteTeam "SC Hansa Dortmund 2"]
[BlackTeam "SV GÃ¼nnigfeld 1"]

1. e4 e5 2. Nf3 Nf6 3. Nxe5 Nc6 4. Nf3 Nxe4 5. d3 Nf6 6. Be2 h6 7. O-O Bc5 8.
b3 O-O 9. Bb2 d6 10. a4 a5 11. d4 Bb6 12. d5 Nb8 13. c4 c6 14. Nc3 Bf5 15. Bd3
Bg4 16. h3 Bh5 17. Ne4 Nxe4 18. Bxe4 c5 19. Qd3 Bxf3 20. Qxf3 Qg5 21. g3 Nd7
22. h4 Ne5 23. hxg5 Nxf3+ 24. Bxf3 hxg5 25. Rfe1 Bd8 26. g4 Bf6 27. Bxf6 gxf6
28. Re7 1-0

[Event "Weiße Dame Borbeck 1 - SV Ahlen 1"]
[Site "Verbandsliga - Gruppe 2 2021/"]
[Date "2022.03.20"]
[Round "7.1"]
[White "Huckebrink, Chris"]
[Black "Loyen, Egbert"]
[Result "1/2-1/2"]
[WhiteElo "2063"]
[BlackElo "2175"]
[PlyCount "58"]
[EventDate "2022.??.??"]
[WhiteTeam "SV Ahlen 1"]
[BlackTeam "Weiße Dame Borbeck 1"]

1. e4 c5 2. Nf3 Nc6 3. d4 cxd4 4. Nxd4 e6 5. Nc3 Qc7 6. Be3 a6 7. Qd2 Nf6 8. f3
b5 9. g4 Bb7 10. g5 Nh5 11. Nxc6 Bxc6 12. O-O-O b4 13. Ne2 Be7 14. Nd4 Bb7 15.
Bh3 g6 16. Bg4 O-O 17. Bxh5 gxh5 18. Ne2 Rac8 19. Ng3 d5 20. Nxh5 dxe4 21. Nf6+
Kh8 22. Nxe4 Rfd8 23. Qf2 Rd5 24. Rxd5 Bxd5 25. Kb1 e5 26. Rd1 Qc6 27. Rd3 Bc4
28. Rd2 Bd5 29. Rd3 Bc4 1/2-1/2

[Event "Weiße Dame Borbeck 1 - SV Ahlen 1"]
[Site "Verbandsliga - Gruppe 2 2021/"]
[Date "2022.03.20"]
[Round "7.2"]
[White "Hillenbrand, Michael"]
[Black "Torres-Kuckel, Rafael"]
[Result "1/2-1/2"]
[WhiteElo "2064"]
[BlackElo "2063"]
[PlyCount "26"]
[EventDate "2022.??.??"]
[WhiteTeam "Weiße Dame Borbeck 1"]
[BlackTeam "SV Ahlen 1"]

1. c4 g6 2. Nf3 Bg7 3. g3 d6 4. Nc3 e5 5. Bg2 Nc6 6. d3 f5 7. Bg5 Nce7 8. Qb3
c6 9. e4 h6 10. Bd2 Nf6 11. c5 b6 12. cxd6 Qxd6 13. d4 Ng4 1/2-1/2

[Event "Weiße Dame Borbeck 1 - SV Ahlen 1"]
[Site "Verbandsliga - Gruppe 2 2021/"]
[Date "2022.03.20"]
[Round "7.3"]
[White "Steinle, Carsten"]
[Black "Klasmeier, Jens"]
[Result "1-0"]
[WhiteElo "2087"]
[BlackElo "2047"]
[PlyCount "45"]
[EventDate "2022.??.??"]
[WhiteTeam "SV Ahlen 1"]
[BlackTeam "Weiße Dame Borbeck 1"]

1. e4 c5 2. b3 b6 3. g3 Nc6 4. Bg2 e6 5. d3 Be7 6. f4 d5 7. Bb2 Nf6 8. Nd2 dxe4
9. Nxe4 Bb7 10. Nf3 O-O 11. O-O Nxe4 12. dxe4 Qxd1 13. Rfxd1 Rad8 14. a3 b5 15.
Kf1 Na5 16. Ne5 Rxd1+ 17. Rxd1 Rd8 18. Rxd8+ Bxd8 19. Bc3 f5 20. Nd7 Bb6 21.
Bxa5 Bxa5 22. Nxc5 b4 23. axb4 1-0

[Event "Weiße Dame Borbeck 1 - SV Ahlen 1"]
[Site "Verbandsliga - Gruppe 2 2021/"]
[Date "2022.03.20"]
[Round "7.4"]
[White "Korste, Sebastian"]
[Black "Volesky, Alexander"]
[Result "1-0"]
[WhiteElo "2006"]
[BlackElo "2013"]
[PlyCount "129"]
[EventDate "2022.??.??"]
[WhiteTeam "Weiße Dame Borbeck 1"]
[BlackTeam "SV Ahlen 1"]

1. d4 Nf6 2. c4 c5 3. d5 b5 4. Qc2 d6 5. e4 g6 6. cxb5 a6 7. Nc3 Bg7 8. Nf3 O-O
9. Be2 Bd7 10. O-O axb5 11. Bxb5 Qb6 12. a4 Na6 13. Qe2 Nc7 14. Bg5 Nxb5 15.
axb5 h6 16. Bd2 Rfb8 17. Rxa8 Rxa8 18. h3 Ne8 19. e5 Nc7 20. Re1 Bxb5 21. Qe4
Bd7 22. exd6 exd6 23. Qe7 Bf5 24. g4 Bd3 25. Qd7 Bb5 26. Nxb5 Nxb5 27. Re8+
Rxe8 28. Qxe8+ Kh7 29. Qxf7 Qc7 30. Qe6 Qd8 31. g5 Qg8 32. Qd7 h5 33. Qxb5 Qxd5
34. Qe2 Bxb2 35. Qe7+ Kg8 36. Qe2 c4 37. Bf4 Bg7 38. Kg2 c3 39. Qc2 Qc6 40.
Qxg6 c2 41. Qe6+ Kh8 42. h4 c1=Q 43. Bxc1 Qxc1 44. Qe8+ Kh7 45. Qxh5+ Kg8 46.
Qe8+ Kh7 47. Qe4+ Kh8 48. h5 Qc8 49. h6 Bc3 50. g6 Bf6 51. g7+ Bxg7 52. hxg7+
Kxg7 53. Qe7+ Kh8 54. Qxd6 Qb7 55. Qe5+ Kg8 56. Kg3 Qb3 57. Kg4 Qd1 58. Qg3 Kh8
59. Kg5 Qd8+ 60. Kh5 Qe8+ 61. Kh4 Qa4+ 62. Qg4 Qc2 63. Qd4+ Kg8 64. Ng5 Qc7 65.
f4 1-0

[Event "Weiße Dame Borbeck 1 - SV Ahlen 1"]
[Site "Verbandsliga - Gruppe 2 2021/"]
[Date "2022.03.20"]
[Round "7.5"]
[White "Volesky, Karl-Heinz"]
[Black "Poetter, Clemens"]
[Result "0-1"]
[WhiteElo "1970"]
[BlackElo "1976"]
[PlyCount "92"]
[EventDate "2022.??.??"]
[WhiteTeam "SV Ahlen 1"]
[BlackTeam "Weiße Dame Borbeck 1"]

1. e4 c6 2. d4 d5 3. f3 e6 4. Nc3 Nd7 5. Bf4 Ne7 6. Bd3 Qb6 7. Nge2 Ng6 8. Bg3
Qxb2 9. Rb1 Qa3 10. Rb3 Qa5 11. O-O Be7 12. Qe1 Qd8 13. exd5 exd5 14. f4 Nf6
15. f5 Nf8 16. Be5 N8d7 17. Qg3 O-O 18. Bc7 Qe8 19. Nf4 Nb6 20. Be5 Nc4 21. Re1
Qd8 22. Nce2 b5 23. c3 Bd6 24. Bxd6 Nxd6 25. Qh3 Re8 26. g4 Nfe4 27. Rbb1 Qg5
28. Qg2 Bd7 29. Rbd1 a5 30. Rf1 a4 31. Rf3 Re7 32. Rh3 Nxc3 33. Nxc3 Qxf4 34.
Ne2 Qg5 35. f6 gxf6 36. Bxh7+ Kg7 37. Bd3 Rg8 38. Kh1 Ne4 39. Rf1 Kf8 40. Bxe4
Rxe4 41. Ng3 Rxg4 42. Qb2 f5 43. Re1 Be6 44. Qb4+ Qe7 45. Qd2 f4 46. Nh5 Bf5
0-1